000 00832nam a22002057a 4500
999 _c15449
_d15449
003 AR-CdUCM
008 190427b ||||| |||| 00| 0 spa d
040 _aMUNICIPALIDAD PROVINCIAL DEL CUSCO
_cBIBLIOTECA MUNICIPAL DEL CUSCO
082 _a985.141 /
_bP59
100 _aPinillos Rodríguez, Alberto
_934525
245 _aChan Chan :
_bvisión de la metrópoli del valle Chimor, derrotero para una visita turística /
260 _aTrujillo :
_bEds. Oro Chimú,
_c1975
300 _a95 páginas ;
_bFotografías,
_c16 cm.
505 _aContenido: el ámbito geográfico -- Vida y acción del pueblo -- Testimonios de su denominación -- Significado del Topónimo Chan Chan...
650 _aArqueología
_9371
650 _aTrujillo
_9297
650 _aCultura del norte
_934526
942 _2ddc
_cLIBROS
945 _adavv
_d27/04/2019